| 000 | 01121nam a2200265Ia 4500 | ||
|---|---|---|---|
| 003 | OSt | ||
| 005 | 20200825153433.0 | ||
| 008 | 191128s2016 ck ad gr 000 0 spa d | ||
| 020 | _a9789588866734 | ||
| 040 |
_aCo-JMCR _cCo-JMCR |
||
| 041 | 0 | _aspa | |
| 082 | 0 | 4 |
_a370.112 / _bU538e _223 |
| 100 | 1 |
_aNoguera Pardo, Camilo, _ecompilador _99232 |
|
| 245 | 1 | 0 |
_aEducar para el siglo XXI / _cNina S. de Friedemann; Carlos Patiño Roselli |
| 250 | _aPrimera edición | ||
| 260 |
_aBogotá : _bInstituto Caro y Cuervo, _c2016. |
||
| 300 |
_a327 páginas : _bilustraciones, gráficos a blanco y negro ; _c24 cm. |
||
| 504 | _aBibliografia : páginas 320-327. | ||
| 505 | 0 | _aEducación y bioética -- Educación y religión -- Educación y medios de comunicación -- Educación y estudios de género -- Educación y sexualidad -- Educación y derecho -- Educación, sociedad y pedagogía | |
| 650 | 2 | 4 |
_aEducación humanistica _xEnsayos _99233 |
| 650 | 2 | 4 |
_aEducación humanísticas _99234 |
| 650 | 2 | 4 |
_aEducación humanística _xconferencias _99235 |
| 700 | 1 |
_aPatiño Roselli, Carlos, _eautor _99236 |
|
| 942 |
_2ddc _cBK |
||
| 999 |
_c5192 _d5192 |
||